| 000 | 00867na a2200313 4500 | ||
|---|---|---|---|
| 001 | 13070 | ||
| 003 | MIRAKIL | ||
| 005 | 20181213154833.0 | ||
| 008 | 160930b tu 000 0 | ||
| 020 | _a9757684082 | ||
| 035 | _a13070 | ||
| 040 |
_aMilas _btur _cTR-AnCHP |
||
| 041 | _atur | ||
| 082 |
_a364.349159 _bN31p 1990 |
||
| 090 | _a364.349159 N31p 1990 | ||
| 100 | _aNebiler, Halil | ||
| 245 |
_aPişman itirafçılar _cHalil Nebiler |
||
| 260 |
_aİstanbul _bDönem Yayınevi _c1990 |
||
| 300 |
_a159 s. _c20 sm. |
||
| 440 |
_aDönem Yayınevi _v15 |
||
| 490 |
_aGenel Dizi _v5 |
||
| 650 |
_aTerörizm _xÖrgüt üyeleri _zTürkiye |
||
| 650 |
_aHukuk _xPişmanlık yasası _zTürkiye |
||
| 650 |
_aSivil haklar _zTürkiye |
||
| 650 |
_aSiyasal suçlular _xKürtler _zTürkiye |
||
| 657 | _aKürtler | ||
| 657 | _aKürt sorunu | ||
| 942 |
_2ddc _cBKS |
||
| 999 |
_c1750 _d1750 |
||